Statistics for All-Time Summer Olympics Medals

Click here to take the quiz!

General Stats

  • This quiz has been taken 930 times
  • The average score is 99 of 132

Answer Stats

RankAnswerGSB% Correct
2Russia574483471
99%
1United States977758664
99%
4United Kingdom236271274
98%
6China201144128
97%
5France202224245
97%
3Germany411432462
97%
10Australia141157182
96%
11Japan130126143
96%
32Brazil233055
95%
19Canada58100119
95%
9Sweden143164176
95%
7Italy198166185
94%
14South Korea818280
94%
12Finland10184117
93%
20Norway564944
93%
26Spain375935
93%
45India9611
92%
41Mexico132128
92%
24New Zealand421839
92%
36Argentina182428
91%
33South Africa232627
91%
37Jamaica173022
89%
31Kenya253229
89%
17Poland6482125
89%
59Portugal4811
89%
29Greece304239
88%
15Netherlands7785104
88%
35Austria183335
87%
27Belgium375253
87%
16Cuba726769
87%
23Denmark436868
87%
47Egypt7910
87%
8Hungary167144165
87%
40North Korea141221
87%
13Romania8894119
87%
22Switzerland477365
87%
25Turkey392622
87%
18Czech Republic636563
86%
39Iran152025
86%
44Ireland9811
86%
28Ukraine332755
86%
70Chile274
85%
71Colombia2611
85%
64Pakistan334
85%
51Croatia6710
84%
48Slovakia798
84%
21Bulgaria518578
83%
34Ethiopia21717
83%
50Indonesia61011
83%
*Iraq1
83%
*Niger1
83%
76Peru13
83%
30Serbia293637
83%
54Morocco6511
82%
74Venezuela228
82%
57Algeria528
81%
78Israel115
81%
62Nigeria3812
81%
60Slovenia469
81%
75Uruguay226
81%
43Estonia9915
80%
95Iceland22
80%
*Paraguay1
80%
*Saudi Arabia12
80%
38Kazakhstan161719
79%
61Latvia3115
79%
55Lithuania6510
79%
*Vietnam2
79%
42Belarus122442
77%
84Panama12
77%
49Thailand7611
77%
*Luxembourg11
76%
68Mongolia2913
76%
82Ecuador11
75%
*Tunisia334
75%
53Georgia6514
74%
*United Arab Emirates1
74%
56Uzbekistan5510
74%
69Chinese Taipei2712
73%
91Malaysia33
73%
*Syria111
73%
72Trinidad and Tobago2511
73%
77Armenia129
72%
119Qatar4
72%
120Afghanistan2
71%
52Azerbaijan6515
71%
58Bahamas525
71%
79Costa Rica112
71%
*Sudan1
71%
66Dominican Republic321
70%
92Philippines27
70%
101Ghana13
68%
105Haiti11
68%
63Zimbabwe341
68%
67Cameroon311
66%
*Guatemala1
66%
*Lebanon22
66%
*Montenegro1
66%
90Namibia4
66%
*Senegal1
66%
*Singapore22
66%
*Suriname11
66%
*Kuwait2
65%
*Macedonia1
65%
*Tajikistan12
65%
*Tanzania2
65%
73Uganda232
65%
*Cyprus1
64%
*Guyana1
63%
*Ivory Coast1
63%
94Moldova23
63%
98Sri Lanka2
63%
*Zambia11
63%
102Kyrgyzstan12
62%
*Togo1
62%
107Botswana1
61%
122Bahrain1
60%
*Barbados1
59%
85Mozambique11
59%
*Eritrea1
58%
*Tonga1
57%
*Grenada1
55%
87Burundi1
52%
*Gabon1
51%
*Djibouti1
50%
*Mauritius1
44%
80Hong Kong111
33%
93Puerto Rico26
32%
*Bermuda1
25%
*US Virgin Islands1
16%
*Netherlands Antilles1
8%
46Mixed Team855
6%

Score Distribution

Percentile by Number Answered

Percent of People with Each Score

Your Score History

You have not taken this quiz